Control Systems (Record no. 339733)
[ view plain ]
| 000 -LEADER | |
|---|---|
| fixed length control field | 00441nam a2200169Ia 4500 |
| 008 - FIXED-LENGTH DATA ELEMENTS--GENERAL INFORMATION | |
| fixed length control field | 230718s9999 xx 000 0 und d |
| 020 ## - INTERNATIONAL STANDARD BOOK NUMBER | |
| International Standard Book Number | 9788178001395 |
| 041 ## - LANGUAGE CODE | |
| Language code of text/sound track or separate title | eng |
| 082 ## - DEWEY DECIMAL CLASSIFICATION NUMBER | |
| Classification number | 629.8 |
| Item number | JAG |
| 100 ## - MAIN ENTRY--PERSONAL NAME | |
| Personal name | Jagan N.C. |
| 9 (RLIN) | 155084 |
| 245 ## - TITLE STATEMENT | |
| Title | Control Systems |
| 250 ## - EDITION STATEMENT | |
| Edition statement | 2nd ed. |
| 260 ## - PUBLICATION, DISTRIBUTION, ETC. (IMPRINT) | |
| Name of publisher, distributor, etc. | BS Publications |
| 365 ## - TRADE PRICE | |
| Currency code | Rs. |
| Price amount | 225.00 |
| 700 ## - ADDED ENTRY--PERSONAL NAME | |
| Personal name | Jagan N.C. |
| 9 (RLIN) | 155084 |
| 906 ## - LOCAL DATA ELEMENT F, LDF (RLIN) | |
| d | O:0452420-Jul-2015B:IN 52408-Jul-2015 |
| c | INST |
| b | 281.25 |
| Withdrawn status | Lost status | Damaged status | Not for loan | Home library | Current library | Date acquired | Vendor | Budget Code | Cost, normal purchase price | Bill number | Total Checkouts | Full call number | Barcode | Date last seen | Date last checked out | Discount | Cost, replacement price | Bill Date | Koha item type | Original Barcode |
|---|---|---|---|---|---|---|---|---|---|---|---|---|---|---|---|---|---|---|---|---|
| Cummins College of Engineering for Women Pune | Cummins College of Engineering for Women Pune | 20/07/2015 | Pradeep Book Distributors | INST | 168.75 | IN 524 | 4 | 629.8 | CCEP-BK-50940 | 06/05/2025 | 06/05/2025 | 281.25 | 225.00 | 08/07/2015 | Books | 050940 |